|
|
|
|
| LEADER |
00752nas a2200205 i 4500 |
| 001 |
acta35145 |
| 005 |
20200729131540.0 |
| 008 |
161017s2014 hu o 0|| eng d |
| 022 |
|
|
|a 1417-3875
|
| 024 |
7 |
|
|a http://dx.doi.org/10.14232/ejqtde.2014.1.50
|2 doi
|
| 040 |
|
|
|a SZTE Egyetemi Kiadványok Repozitórium
|b hun
|
| 041 |
|
|
|a eng
|
| 100 |
1 |
|
|a Zhang Jinhui
|
| 245 |
1 |
4 |
|a The global dynamics of a class of nonlinear vector fields in R3
|h [elektronikus dokumentum] /
|c Zhang Jinhui
|
| 260 |
|
|
|c 2014
|
| 300 |
|
|
|a 1-15
|
| 490 |
0 |
|
|a Electronic journal of qualitative theory of differential equations
|
| 700 |
0 |
1 |
|a Feng Guangting
|e aut
|
| 700 |
0 |
1 |
|a Zhang Xinan
|e aut
|
| 856 |
4 |
0 |
|u http://acta.bibl.u-szeged.hu/35145/1/ejqtde_2014_050_001-015.pdf
|z Dokumentum-elérés
|